MARC

Tag First Indicator Second Indicator Subfields
LEADER 00000cam a2200000 a 4500
001 in00000009836
005 20231006183139.0
008 870130s1987 wau b 000 0 eng d
015 |a 870081209  |2 can 
016 |a (AMICUS)000006987014 
016 |a 870081209 
019 |a 15249856  |a 17400020  |a 492702054 
020 |a 0888061404 
020 |a 9780888061409 
029 1 |a ZWZ  |b 086160249 
029 1 |a AU@  |b 000005631632 
029 0 |a NLC  |b 000006987014 
035 |a (OCoLC)ocm16580048  
035 |a (OCoLC)16580048  |z (OCoLC)15249856  |z (OCoLC)17400020  |z (OCoLC)492702054 
035 |a (OCoLC)ocm16580048  
040 |a NLC  |b eng  |c NLC  |d HOU  |d IXA  |d BOS  |d BAKER  |d YDXCP  |d DRB  |d OCLCF  |d NLC  |d UWO  |d QE2  |d IL4J6  |d OCLCO 
043 |a n-cn---  |a n-us--- 
050 4 |a KF1976  |b .S64 1987 
055 2 |a HF1480.5* 
082 0 4 |a 337.71073  |2 19 
084 |a cci1icc  |2 lacc 
100 1 |a Smith, Murray G.  |q (Murray Gordon),  |d 1952- 
245 1 0 |a Bridging the gap :  |b trade laws in the Canadian-U.S. negotiations /  |c Murray G. Smith with C. Michael Aho and Gary N. Horlick. 
260 |a [Washington, D.C. ;  |a Scarborough, Ont.] :  |b Canadian-American Committee,  |c 1987. 
300 |a vii, 64 p. ;  |c 23 cm. 
336 |a text  |b txt  |2 rdacontent 
337 |a unmediated  |b n  |2 rdamedia 
338 |a volume  |b nc  |2 rdacarrier 
490 1 |a NPA report ;  |v 226 
500 |a "Sponsored by C.D. Howe Institute (Canada), National Planning Association (U.S.A.)." 
500 |a "CAC 53." 
500 |a "NPA 226." 
504 |a Includes bibliographical references. 
651 0 |a Canada  |x Foreign economic relations  |z United States. 
651 0 |a United States  |x Foreign economic relations  |z Canada. 
650 0 |a Commercial law  |z United States. 
650 0 |a Commercial law  |z Canada. 
650 4 |a Droit commercial  |z États-Unis. 
650 4 |a Droit commercial  |z Canada. 
651 4 |a Canada  |x Relations économiques extérieures  |z États-Unis. 
651 4 |a États-Unis  |x Relations économiques extérieures  |z Canada. 
651 6 |a Canada  |x Relations économiques extérieures  |z États-Unis. 
651 6 |a États-Unis  |x Relations économiques extérieures  |z Canada. 
650 6 |a Droit commercial  |z États-Unis. 
650 6 |a Droit commercial  |z Canada. 
650 7 |a Commercial law.  |2 fast  |0 (OCoLC)fst00869502 
650 7 |a International economic relations.  |2 fast  |0 (OCoLC)fst00976891 
651 7 |a Canada.  |2 fast  |0 (OCoLC)fst01204310 
651 7 |a United States.  |2 fast  |0 (OCoLC)fst01204155 
650 7 |a Foreign trade regulation  |z United States.  |2 nli 
651 7 |a United States  |x Commerce  |z Canada.  |2 nli 
651 7 |a Canada  |x Foreign economic relations  |z United States.  |2 nli 
651 7 |a United States  |x Foreign economic relations  |z Canada.  |2 nli 
651 7 |a Canada  |x Commerce  |z United States.  |2 nli 
700 1 |a Aho, C. Michael,  |d 1949- 
700 1 |a Horlick, Gary N. 
710 2 |a C.D. Howe Institute. 
710 2 |a National Planning Association. 
776 0 8 |i Online version:  |a Smith, Murray G. (Murray Gordon), 1952-  |t Bridging the gap.  |d [Washington, D.C. ; Scarborough, Ont.] : Canadian-American Committee, 1987  |w (OCoLC)1370390644 
830 0 |a NPA report ;  |v 226. 
856 4 2 |3 French equivalent / Équivalent français  |u https://bac-lac.on.worldcat.org/oclc/77460359  |t 0 
938 |a YBP Library Services  |b YANK  |n 981996 
938 |a Baker & Taylor  |b BKTY  |c 8.00  |d 12.95  |i 0888061404  |n 0001245634  |s active 
948 |h HELD BY TXA - 168 OTHER HOLDINGS 
994 |a Z0  |b TXA 
999 f f |s c9883371-20ef-320d-842d-417aae1acdd4  |i a6cb6482-4535-37e1-bfe1-ed97036a951b  |t 0 
952 f f |p ric  |a Texas A&M University  |b Rellis Campus  |c Joint Library Facility  |d Remote Storage  |t 0  |e HF1480.15.U5 S447 1987  |h Library of Congress classification  |i unmediated -- volume  |m A14810010779 
998 f f |a HF1480.15.U5 S447 1987  |t 0  |l Remote Storage